000 00535cam a2200193ua 4500
001 2823
005 20260515113559.0
008 110909n ii |||gr||||Z||||||asm
040 _cMAIN
082 _a891.4512
100 1 _aBharali, Sahajananda,
_eAuthor.
245 1 1 _aSibsagarh natya samajar itibitta :
_bsanskritir eti puja /
_cby Sahajananda Bharali
250 _a1st.
260 _aGuahati:
_bSahajananda Bharali .,977.
300 _a282p:
_c23cm.
653 _aAssamese drama
653 _aSahajananda Bharali .
942 _cBK
999 _c2670
_d2670